000 00357nam a2200157Ia 4500
003 Ost
005 20260225132538.0
008 260225s9999||||xx |||||||||||||| ||und||
040 _cfsic
041 _afre
082 _a303.4
100 _aGérard battail
_eAuteur
245 0 _aThéorie de l'information /
245 0 _cGérard battail
942 _cكتاب
999 _c33364
_d33364